000 00648nam a2200253Ia 4500
005 20260121155552.0
008 008 260114s9999 xx 000 0 eng d
020 _a9780429454257
037 _aEBOOK
040 _aCRL
040 _beng
040 _cCRL
041 _2eng
041 _aeng
084 _qCRL
100 _a Vahagn Avedian
_91021123
245 0 _aKnowledge and Acknowledgement in the Politics of Memory of the Armenian Genocide
260 _bTaylor and Francis
260 _c2019
856 _uhttp://www.taylorfrancis.com/books/9780429454257
942 _cEBOOK
999 _c1587942
_d1587942